Global optimization in engineering design /
Guardado en:
| Otros Autores: | |
|---|---|
| Formato: | Libro |
| Idioma: | English |
| Publicado: |
Dordrecht :
Kluwer Academic,
c1996.
|
| Series: | Nonconvex optimization and its applications ;
v. 9 |
| Materias: | |
| Etiquetas: |
Agregar Etiqueta
Sin Etiquetas, Sea el primero en etiquetar este registro!
|
| LEADER | 00999cam a22002655a 4500 | ||
|---|---|---|---|
| 001 | EIQ.libpla002896 | ||
| 008 | 951103s1996####ne#######b####000#0#eng#d | ||
| 005 | 20070912173139.0 | ||
| 245 | 0 | 0 | |a Global optimization in engineering design / |c edited by Ignacio E. Grossmann. |
| 260 | |a Dordrecht : |b Kluwer Academic, |c c1996. | ||
| 300 | |a ix, 386 p. ; |c 25 cm. | ||
| 440 | 0 | |a Nonconvex optimization and its applications ; |v v. 9 | |
| 504 | |a Incluye referencias bibliográficas. | ||
| 020 | |a 0792338812 (HB : alk. paper) | ||
| 700 | 1 | |a Grossmann, Ignacio E., |e ed. |4 edt | |
| 082 | 0 | 0 | |a 620/.0042/015197 |2 20 |
| 650 | 4 | |a Ingeniería química |x Matemáticas. | |
| 650 | 4 | |a Matemáticas |x Optimización. | |
| 650 | 4 | |a Matemáticas |x Programación no lineal. | |
| 650 | 4 | |a Mathematical |x Optimization. | |
| 650 | 4 | |a Mathematical |x Nonlinear programming. | |
| 650 | 0 | |a Chemical engineering |x Mathematics. | |
| 010 | |a 95048887 | ||
| 040 | |a DLC |c DLC |d AR-BbSID | ||
| 859 | |a AR-BbSID |b BIB. PLAPIQUI |h 620.004 2 |i G 1 |p 4511 | ||
